Statistics for Largest Cities in China

Click here to take the quiz!

General Stats

  • This quiz has been taken 58 times
  • The average score is 38 of 91

Answer Stats

PopulationProvinceAnswer% Correct
23,420,000ShanghaiShanghai
100%
7,250,000Hong KongHong Kong
98%
21,010,000BeijingBeijing
95%
20,600,000GuangdongGuangzhou - Foshan
95%
10,920,000TianjinTianjin
95%
7,220,000ChongqingChongqing
93%
6,160,000JiangsuNanjing
90%
5,980,000ShaanxiXi'an - Xiangyang
90%
7,510,000HubeiWuhan
88%
4,820,000HeilongjiangHarbin
86%
12,080,000GuangdongShenzhen
86%
10,380,000SichuanChengdu
83%
4,420,000FuijianXiamen
83%
7,280,000ZhejiangHangzhou
79%
5,820,000ShandongQingdao - Jimo
79%
3,190,000XinjiangÜrümqi
76%
6,080,000LiaoningShenyang
71%
4,180,000LiaoningDalian
69%
1,050,000JiangxiFuzhou
69%
3,960,000FuijianFuzhou
69%
3,660,000HunanChangsha
67%
3,670,000AnhuiHefei
64%
3,790,000ShandongJinan
64%
3,650,000YunnanKunming
64%
4,940,000HenanZhengzhou
64%
3,170,000ZhejiangWenzhou
62%
8,440,000GuangdongDongguan
60%
2,600,000GuangxiNanning
60%
2,420,000GuangdongShantou
57%
3,370,000JilinChangchun
55%
3,600,000JiangsuWuxi
55%
3,750,000ZhejiangNingbo
52%
2,220,000Inner MongoliaHohhot
50%
5,250,000JiangsuSuzhou
50%
1,630,000JilinJilin
48%
2,700,000GansuLanzhou
48%
3,700,000ShanxiTaiyuan - Jinzhong
45%
3,370,000HebeiShijiazhuang
43%
2,960,000GuizhouGuiyang
40%
1,940,000HenanLuoyang
40%
1,650,000ShandongZibo
38%
1,520,000LiaoningAnshan - Liaoyang
36%
1,760,000GuangdongHuizhou
36%
2,640,000JiangxiNanchang
36%
6,710,000FujianQuanzhou
36%
1,980,000HainanHaikou
33%
2,160,000Inner MongoliaBaotou
31%
3,430,000JiangsuChangzhou
31%
2,380,000HebeiTangshan
31%
1,300,000JiangsuXuzhou
31%
1,300,000HebeiBaoding
29%
1,710,000ShanxiDatong
29%
1,520,000ShandongYantai
29%
1,550,000GuangdongZhuhai
29%
2,470,000ShandongLinyi
26%
1,240,000HeilongjiangQiqihar
26%
1,600,000ShandongWeifang
24%
1,350,000QinghaiXining
24%
1,400,000HenanAnyang
21%
1,180,000JiangsuNantong
21%
1,470,000FujianPutian
21%
1,590,000ZhejiangTaizhou
21%
3,030,000GuangdongZhongshan
21%
1,120,000AnhuiHuaibei
19%
4,500,000ZhejiangJinhua
19%
1,460,000AnhuiWuhu
19%
2,000,000HebeiHandan
17%
1,610,000NingxiaYinchuan
17%
1,040,000GuangdongZhanjiang
17%
2,280,000JiangsuHuai'an
14%
1,140,000AnhuiHuainan
14%
1,570,000GuangxiLiuzhou
14%
1,210,000ShandongWeihai
14%
1,320,000LiaoningFushun
12%
1,010,000HunanXiangtan
12%
1,560,000JiangsuYangzhou
12%
1,160,000HebeiZhangjiakou
12%
1,020,000ZhejiangHuzhou
10%
1,400,000GuangdongJiangmen
10%
1,040,000HebeiQinhuangdao
10%
2,350,000ZhejiangShaoxing
10%
1,180,000HubeiXiangyang
10%
1,040,000HubeiYichang
10%
1,410,000FujianZhangzhou
10%
1,010,000HunanZhuzhou
10%
1,230,000Inner MongoliaChifeng
7%
1,210,000ShandongDongying
7%
1,090,000HeilongjiangJiamusi
7%
1,190,000ZhejiangJiaxing
7%
1,040,000GuangdongJieyang
5%
1,130,000JiangsuLianyungang
2%

Score Distribution

Percentile by Number Answered

Percent of People with Each Score

Your Score History

You have not taken this quiz